Membra Disjecta for John Cage : wanting to say something about John = Membra disjecta pro Johna Cage : chceme říct něco o Johnovi /

Main Author: Cage, John, 1912-1992
Corporate Author: MuseumsQuartier Wien (Vídeň, Rakousko)
Other Authors: Cseres, Jozef, 1961-, Ashley, Robert, 1930-2014, Kotík, Petr, 1942-, DOX Centrum současného umění, Galerie výtvarného umění (Ostrava, Česko)
Language: Multiple languages
English
Czech
Published: Praha : Ostrava : DOX Prague ;Galerie výtvarného umění v Ostravě, 2012
Subjects:
Physical Description: 226 s. : il. (převážně barev.), portréty, noty, faksim. ; 22 cm + 1 CD
Language note: Převážně souběžný český text, část. vícejazyčný text
Book
Saved in:
LEADER 03300nam a2200685 a 4500
001 nkc20122397819
003 CZ PrNK
005 20130902084841.0
007 ta
008 120918s2012 xr acghe c 000 0deng
015 |a cnb002397819 
020 |a 978-80-87446-16-4  |q (Dox Prague ;  |q brož.) 
020 |a 978-80-87405-13-0  |q (Galerie výtvarného umění v Ostravě ;  |q brož.) 
035 |a (OCoLC)827259879 
040 |a OLA001  |b cze  |d BOA001  |d ABA001 
041 1 |a eng  |a cze  |a mul  |h cze  |h eng 
043 |a n-us--- 
045 |a x-x- 
072 7 |a 72/76  |x Výtvarné umění  |2 Konspekt  |9 21 
080 |a 72/76(73)  |2 MRF 
080 |a 7.08:316.776.33/.34  |2 MRF 
080 |a 7.038.53  |2 MRF 
080 |a 7.036/.038  |2 MRF 
080 |a 78+72/76  |2 MRF 
080 |a (73)  |2 MRF 
080 |a (083.824)  |2 MRF 
100 1 |a Cage, John,  |d 1912-1992  |7 jn19990001290  |4 art 
245 1 0 |a Membra Disjecta for John Cage :  |b wanting to say something about John = Membra disjecta pro Johna Cage : chceme říct něco o Johnovi /  |c [texts Jozef Cseres, Robert Ashley, Petr Kotík] 
246 3 1 |a Membra disjecta pro Johna Cage 
260 |a Praha :  |b DOX Prague ;  |a Ostrava :  |b Galerie výtvarného umění v Ostravě,  |c 2012 
300 |a 226 s. :  |b il. (převážně barev.), portréty, noty, faksim. ;  |c 22 cm +  |e 1 CD 
500 |a Součást celosvětových oslav 100. výročí narození Johna Cage, 17.2.-6.5.2012 Freiraum Quartier21 INTERNATIONAL, MuseumsQuartier Wien, 25.5.-20.8.2012 Centrum současného umění DOX, Praha, 3.10.-25.11.2012 Galerie výtvarného umění v Ostravě 
500 |a V plastovém pouzdru 
546 |a Převážně souběžný český text, část. vícejazyčný text 
600 1 7 |a Cage, John,  |d 1912-1992  |7 jn19990001290  |2 czenas 
648 7 |a 20. století  |7 ch460558  |2 czenas 
650 0 7 |a americké výtvarné umění  |7 ph118397  |y 20. století  |2 czenas 
650 0 7 |a intermedialita  |7 ph605421  |z Spojené státy americké  |2 czenas 
650 0 7 |a multimediální umění  |7 ph136779  |z Spojené státy americké  |2 czenas 
650 0 7 |a moderní umění  |7 ph115340  |z Spojené státy americké  |2 czenas 
650 0 7 |a hudba a výtvarné umění  |7 ph138875  |z Spojené státy americké  |y 20. století  |2 czenas 
650 0 9 |a American art  |y 20th century  |2 eczenas 
650 0 9 |a intermediality  |z United States  |2 eczenas 
650 0 9 |a multimedial art  |z United States  |2 eczenas 
650 0 9 |a modern art  |z United States  |2 eczenas 
650 0 9 |a music and art  |z United States  |y 20th century  |2 eczenas 
655 7 |a katalogy výstav  |7 fd132536  |2 czenas 
655 9 |a exhibition catalogs  |2 eczenas 
700 1 |a Cseres, Jozef,  |d 1961-  |7 jo2004232717  |4 wfw  |4 edt 
700 1 |a Ashley, Robert,  |d 1930-2014  |7 xx0133477  |4 wfw 
700 1 |a Kotík, Petr,  |d 1942-  |7 jn20000728316  |4 wfw 
710 2 |a MuseumsQuartier Wien (Vídeň, Rakousko)  |7 olak2012721773 
710 2 |a DOX Centrum současného umění  |7 xx0093396 
710 2 |a Galerie výtvarného umění (Ostrava, Česko)  |7 kn20020321623 
910 2 |a BOA001  |b 2-1291.125 
990 |a BK 
995 |a 01 
991 |b 201210  |c NOV  |e n 
996 6 |b 2610524057  |c 2-1291.125  |l MZK  |r Sklad / do 1 hodiny  |n 2  |p p.v.  |w 001285537  |u 000010  |a 1  |e BOA001  |j MZK50  |s P 
996 7 |b 2610537392  |c 2-1291.125  |l MZK  |r Sklad / do 1 hodiny  |n 6  |p p.v.  |w 001285537  |u 000020  |a 1  |e BOA001  |j MZK50  |s A